01101nam a2200265 a 450000500170000000800410001702000150005804100080007310000200008124500560010125001020015726000370025930000110029650000900030765300390039765300390043665300340047565300380050965300390054765300540058665300470064065300510068765300300073865300670076820240412122707.0100702t1992||||ag |||f |||| 001 0 spa d a9501266850 aspa1 aVattimo, Gianni aÉtica de la interpretación / cGianni Vattimo. a1a ed. 1a reimp. bTraducción al español de la versión en italiano de Jose Luis Etcheverry. aBuenos Aires: bPaidós;c1992. a224 p. aVattimo,G. (1992). Ética de la interpretación. (1a ed.). Buenos Aires : Paidós. aPosmodernidad y fin de la historia aSecularización de la filosofía aHermenéutica: nueva koiné aHermenéutica y secularización aUtopía, contrautopía, ironía aCrisis de la subjetividad de Nietzche a Heidegger aHermenéutica y el modelo de la comunidad 4aDel Ser como futuro a la verdad como monumento aDesencanto y disolución aÉtica de la comunicación o ética de la interpretación?